000 00565nam a2200229 a 4500
001 nice12345678
003 IN_TiNIC
005 20260116014657.0
008 090707s2008 chaa grp 000 0 eng
020 _a9788182471887
_c495
082 0 0 _a923.2
_bGAN7
100 _aGandhi, M K
245 _aIndia of My Dreams
260 _aChandigarh
_bAbhishek Publications
_c2008
300 _a254p
500 _aincludes index and biblioraphy
650 _aGandhi M K-Philosophy
700 1 _aGandhi, M K
902 _bSRS
942 _cBK
999 _c16432
_d16432